Impact of removal of quantitative restrictions in the globalised economy of India: a critical analysis (Record no. 72598)

000 -LEADER
fixed length control field 00556pab a2200193 454500
008 - FIXED-LENGTH DATA ELEMENTS--GENERAL INFORMATION
fixed length control field 180718b2005 xxu||||| |||| 00| 0 eng d
100 ## - MAIN ENTRY--PERSONAL NAME
Personal name Deepika, M. G.
245 ## - TITLE STATEMENT
Title Impact of removal of quantitative restrictions in the globalised economy of India: a critical analysis
260 ## - PUBLICATION, DISTRIBUTION, ETC.
Date of publication, distribution, etc. 2005
300 ## - PHYSICAL DESCRIPTION
Extent p.335-47.
362 ## - DATES OF PUBLICATION AND/OR SEQUENTIAL DESIGNATION
Dates of publication and/or sequential designation Aug
650 ## - SUBJECT ADDED ENTRY--TOPICAL TERM
Topical term or geographic name entry element Globalization - India
650 ## - SUBJECT ADDED ENTRY--TOPICAL TERM
Topical term or geographic name entry element Agriculture - India
650 ## - SUBJECT ADDED ENTRY--TOPICAL TERM
Topical term or geographic name entry element Agriculture
700 ## - ADDED ENTRY--PERSONAL NAME
Personal name Deshpande, R. S.
700 ## - ADDED ENTRY--PERSONAL NAME
Personal name Ray, A. K.
773 ## - HOST ITEM ENTRY
Main entry heading Agricultural situation in India
909 ## -
-- 72598
Holdings
Withdrawn status Lost status Damaged status Not for loan Permanent Location Current Location Date acquired Serial Enumeration / chronology Barcode Date last seen Price effective from Koha item type
        Indian Institute of Public Administration Indian Institute of Public Administration 2018-07-19 Volume no: 42, Issue no: 5 AR73058 2018-07-19 2018-07-19 Articles

Powered by Koha